000 01097nam a2200301 i 4500
003 DO-SdBNP
005 20260116125210.0
007 ta
008 260116b2025 dr a|||| |||| 00| 0 spa d
020 _a9789945274226
040 _aDO-SdBNP
_bspa
_cBNPHU
_erda
041 _aspa
082 4 _axxx
_bxxx
_222
100 1 _aSantis, Geraldine de,
_eautor
_4aut.
_943394
245 1 3 _aLa paz se construye/
_cGeraldine de Santis ; ilustraciones, Rudy Núñez ; coordinación, Wi-Hen Fung ; edición, Mónica Volonteri
264 4 _aSanto Domingo, República Dominicana :
_bSM S.A.,
_bConsorcio Azucarero de Empresas Industriale,
_c©2025.
300 _a32 páginas :
_bilustraciones ;
_c22 cm.
336 _atexto
_btxt
_2rdacontent
337 _asin mediación
_bn
_2rdamedia
338 _avolumen
_bnc
_2rdacarrier
490 1 _aEl corito del higüero
_v2
590 _aInventariado, 2026/BT
700 1 _aNúñez, Rudy,
_eilustrador
_4il.
_977937
700 1 _acoordinador
_eFung, Wi-Hen,
_4coord.
_988875
700 1 _aVolonteri, Mónica,
_eeditor
_4ed.
_91136
910 _aBtavárez
942 _2ddc
_cLF2
999 _c60114
_d60114